Statistiken für Alle deutschen Städte mit K

Klicken Sie hier um das Quiz zu spielen!

Allgemein

  • Dieses Quiz wurde 780 mal gespielt
  • Das Durchschnittsergebnis liegt bei 26 aus 99

Antwortstatistiken

EinwohnerStadtBL% Korrekt
1.083.498KölnNW
98%
308.436KarlsruheBW
95%
246.601KielSH
93%
201.048KasselHE
91%
99.662KaiserslauternRP
90%
113.388KoblenzRP
90%
226.844KrefeldNW
87%
84.446KonstanzBW
81%
68.940Kempten (Allgäu)BY
72%
65.802KerpenNW
63%
42.875KamenNW
62%
44.662KaufbeurenBY
61%
52.359KleveNW
61%
25.781KulmbachBY
56%
36.947KehlBW
51%
34.537KempenNW
51%
41.122KönigswinterNW
49%
38.111Königs WusterhausenBB
48%
16.744KelheimBY
46%
40.774Kirchheim unter TeckBW
46%
23.438KorbachHE
46%
25.244Köthen (Anhalt)ST
45%
5.566KuselRP
45%
16.701KronachBY
44%
37.635Kamp-LintfortNW
43%
43.615KaarstNW
42%
27.955KevelaerNW
42%
22.141KitzingenBY
42%
22.877KaltenkirchenSH
41%
16.998KamenzSN
40%
33.484KorschenbroichNW
39%
8.609KappelnSH
38%
29.162Kelkheim (Taunus)HE
37%
33.743KornwestheimBW
36%
30.965KreuztalNW
35%
15.389KünzelsauBW
33%
16.983KelsterbachHE
31%
13.944KalkarNW
26%
28.075KönigsbrunnBY
26%
8.144KellinghusenSH
25%
16.089KierspeNW
25%
18.244KonzRP
25%
850KaubRP
24%
15.790Königslutter am ElmNI
24%
18.242Kronberg im TaunusHE
24%
7.930KühlungsbornMV
24%
8.446Kirchen (Sieg)RP
22%
3.634Königsberg in BayernBY
22%
9.281KyritzBB
21%
7.918KirchheimbolandenRP
19%
16.608Königstein im TaunusHE
19%
8.990KandelRP
17%
6.234Klingenberg am MainBY
17%
4.789KröpelinMV
15%
2.104Königstein (Sächsische Schweiz)SN
12%
14.930KarlstadtBY
11%
22.562KarbenHE
10%
5.519KastellaunRP
10%
8.241KirnRP
9%
8.241KönnernST
9%
3.340KranichfeldTH
9%
2.346KrempeSH
9%
18.534KolbermoorBY
8%
6.756KahlaTH
7%
8.035KlingenthalSN
7%
3.082KlützMV
7%
6.278KölledaTH
7%
7.498Kalbe (Milde)ST
6%
7.307KönigseeTH
6%
3.412Krakow am SeeMV
6%
13.568Krumbach (Schwaben)BY
6%
2.169KatzenelnbogenRP
5%
8.372KuppenheimBW
5%
5.773KaltennordheimTH
4%
16.239KirchhainHE
4%
9.825KlötzeST
4%
19.639Korntal-MünchingenBW
4%
8.287KandernBW
3%
3.305Kelbra (Kyffhäuser)ST
3%
9.544KembergST
3%
7.700KremmenBB
3%
935KyllburgRP
3%
5.500KemnathBY
2%
10.394KenzingenBW
2%
6.595Ketzin/HavelBB
2%
8.166Kirchberg (Sachsen)SN
2%
4.565KönigsbrückSN
2%
14.686KraichtalBW
2%
4.640KrautheimBW
2%
1.067KupferbergBY
2%
3.172KaiserseschRP
1%
4.389Kirchberg an der JagstBW
1%
3.984Kirchberg (Hunsrück)RP
1%
5.074KitzscherSN
1%
1.402KroppenstedtST
1%
5.219KülsheimBW
1%
3.166KirchenlamitzBY
0%
3.151KirtorfHE
0%
8.068KnittlingenBW
0%

Verteilung der Resultate

Perzentil nach korrekt beantworteten Fragen

Anzahl Personen mit jedem Resultat

Ihre Resultats-Entwicklung

Sie haben dieses Quiz noch nicht gespielt